000 00686nam a2200205Ia 4500
003 GCL
008 140319s9999 xx 000 0 ara d
040 _aGCL /
_cGCL
082 0 4 _a418.02
_bج ص
100 1 _aجورج مدبك
245 1 0 _aصناعة الترجمة من العربية الى الفرنسية كيف تترجم بحثا او رسالة /
_cجورج مدبك
260 _a[S.N] :
_bدار الراتب الجامعية
300 _a54 ص
490 _aسلسلة سوفنير
_v0
650 0 4 _aالترجمة العربية
650 0 4 _aاللغة العربية
650 0 4 _aالترجمة
650 0 4 _aالترجمة الفرنسية
942 _2ddc
_cBK
999 _c33058
_d33058